| 000 | 00729nam a2200241 a 4500 | ||
|---|---|---|---|
| 005 | 20240806063845.0 | ||
| 008 | 991125s1996 mx 000 0 spa u | ||
| 020 | _a9684932944 | ||
| 035 | _aUPN01000025290 | ||
| 049 | _aCG | ||
| 050 | 4 |
_aPQ7297 Z37 _bF7 1996 |
|
| 100 | 1 |
_aZarco, Francisco, _d1829-1869 _928493 |
|
| 245 | 1 | 0 |
_aFrancisco Zarco / _cFrancisco Zarco ; selec. y pról. José Woldenberg |
| 260 |
_aMéxico : _bCal y Arena, _c1996 |
||
| 300 | _a734 p. | ||
| 440 | 4 | _aLos imprescindibles | |
| 500 | _aAntologia | ||
| 600 | 1 | 4 |
_aZARCO, FRANCISCO,- _d1829-1869 (SELECCIONES, EXTRACTOS, ETC.) |
| 650 | 4 |
_aLiteratura mexicana _94466 |
|
| 700 | 2 |
_aWoldenberg, José, _ecomp. |
|
| 904 |
_aAC _b025291 |
||
| 905 | _aLibro | ||
| 999 |
_c25290 _d25290 |
||